| 000 | 00000nam##2200000za#4500 |
| 001 | 9.699555 |
| 003 | CaOODSP |
| 005 | 20210625000431 |
| 007 | cr ||||||||||| |
| 008 | 150407|2002||||xxc|||||o f|0| 0 eng|d |
| 040 | |aCaOODSP|beng |
| 043 | |an-cn--- |
| 086 | 1 |aH14-139/2002E-PDF |
| 110 | 1 |aCanada. |bHealth Canada. |
| 245 | 10|aConsultation workshop report on patient involvement strategy / |h[electronic resource]|c[published by the] Office of Consumer and Public Involvement and Best Medicines Coalition (BMC). |
| 246 | 1 |aBest Medicines Coalition consultation workshop, Dec. 13, 2002 |
| 260 | |aOttawa - Ontario : |bHealth Canada |cDecember 13, 2002. |
| 300 | |a43p.|bcoloured figs., table, photographs |
| 500 | |a"Ramada Hotel and Suites, Ottawa, Ontario"--Cover. |
| 590 | |a15-02-Supp|b2015-02-16 |
| 690 | 07|aCitizen participation|2gcpds |
| 690 | 07|aHealth care|2gcpds |
| 775 | 08|tRapport de l'atelier de consultation sur la stratégie de participation des patients / |w(CaOODSP)9.643574 |
| 856 | 40|ahttp://publications.gc.ca|qPDF|s689 KB|uhttps://publications.gc.ca/collections/collection_2014/sc-hc/H14-139-2002-eng.pdf |